Movies Quiz

Random Movies or Automobiles Quiz

What Movie? Drivers and Passengers Quiz Stats

Quiz Updated Jul 24, 2015

Challenge
Share
Tweet
Score 0/30 Timer 08:00
1 Play Today
% Correct
Dumb & Dumber
92.2%
Driving Miss Daisy
91.7%
Wayne's World
91.2%
The Blues Brothers
91.1%
Edward Scissorhands
89.7%
Pulp Fiction
88.3%
Rain Man
84.9%
Borat: Cultural Learnings of America for Make Benefit Glorious Nation of Kazakhstan
84.6%
Thelma & Louise
83.3%
Happy Gilmore
77.8%
The Great Gatsby
77.6%
Little Miss Sunshine
75.3%
Austin Powers in Goldmember
67.8%
Planes, Trains and Automobiles
66.2%
Fear and Loathing in Las Vegas
62.7%
% Correct
Chitty Chitty Bang Bang
61.2%
Clueless
59.3%
Smokey and the Bandit
54.1%
Paul
49%
Up in Smoke
45.9%
Say Anything...
45.8%
Casablanca
45.4%
Swingers
44.7%
Boyz n the Hood
43.7%
Road Trip
39.7%
The French Connection
31.3%
True Romance
27.6%
End of Watch
18.7%
Jeepers Creepers
17.8%
Badlands
9.2%

You're not logged in!

Compare scores with friends on all Sporcle quizzes.
Sign Up with Email
OR
Log In

You Might Also Like...

Show Comments

Extras

Top Quizzes Today


Score Distribution

Your Account Isn't Verified!

In order to create a playlist on Sporcle, you need to verify the email address you used during registration. Go to your Sporcle Settings to finish the process.